舒國治精選集
| 資料類型: | 圖書 | 書目號: | 51839 |
Leader xxxxxxxxxx 001 __ 102512/1/05 005 __ 20171212082309.260 010 0_ |a978-986-450-080-2|b平裝|d新臺幣420元 020 __ |atw|b105011789 042 __ |anbic 100 __ |a20171212d2016 km y0chiy50 e 101 0_ |achi 102 __ |atw 105 __ |ay z 000cy 200 1_ |a舒國治精選集|f舒國治著 205 __ |a初版 210 __ |a臺北市|c九歌|d2016[民105] 215 0_ |a429面|d21公分|e舒式遊玩祕笈 1 冊 225 12 |a九歌文庫|v1235 700 _1 |a舒|b國治|4著 681 __ |a855|b8753 801 _0 |atw|bLibDipper|c20171212|gCCR |